Tintin Book Trivia - Tintin in America - Statistics

General Stats
  • This quiz has been taken 7 times
  • The average score is 4 of 16
Answer Stats
Question Answer % Correct
Liquid which because of its discovery kicked the Blackfeet out the territory Oil
100%
Lake in which Tintin was thrown into Lake Michigan
71%
Main Antagonist Bobby Smiles
57%
Object needed by the Blackfeet Tribe for war Tomahawk
57%
Place where the antagonist was seen, later rode to a cabin Redskin City
29%
Native American Tribe tricked by the antagonist Blackfeet Tribe
14%
Train which almost killed Tintin The Flyer
14%
What does Al Capone call himself? The King of Chicago
14%
Gas intended to knock Tintin out (instead given Z4) 0.X2Z
0%
Main City in America (in book) Chicago, Illinois
0%
Name of the Blackfeet Chief Chief Keen-eyed-mole
0%
The group which the main antagonist is part of Gangsters Syndicate of Chicago
0%
Kidnappers of Snowy, a general, a senator and more Kidnap Inc.
0%
Detective who tried to find Snowy, and later Tintin himself Mike MacAdam
0%
Reason Tintin was almost executed Robbery of the Old West Bank
0%
Place where Tintin stays in the main city The Osborne Hotel
0%
No matching quizzes found
Score Distribution
Percent of People with Each Score
Percentile by Number Answered
Your Score History
You have not taken this quiz